Hľadiská skúmania diplomacie
Diplomacia v období globalizácie. Úloha diplomata. Vplyv informačných technológií na diplomaciu. Charakteristika slovenskej diplomacie. Vojenská diplomacia. Európska diplomacia.
Gespeichert in:
| 1. Verfasser: | |
|---|---|
| Format: | Buchkapitel |
| Sprache: | Slowakisch |
| Schlagworte: | |
| Tags: |
Keine Tags, Fügen Sie das erste Tag hinzu!
|
MARC
| LEADER | 00000nla$a2200000$$$4500 | ||
|---|---|---|---|
| 001 | 0112140 | ||
| 005 | 20240502072237.8 | ||
| 041 | 0 | |a slo | |
| 044 | |a SK | ||
| 245 | 1 | 0 | |a Hľadiská skúmania diplomacie |c Kristína Čizmadiová |
| 520 | |a Diplomacia v období globalizácie. Úloha diplomata. Vplyv informačných technológií na diplomaciu. Charakteristika slovenskej diplomacie. Vojenská diplomacia. Európska diplomacia. | ||
| 610 | 2 | 0 | |a diplomacia |
| 610 | 2 | 0 | |a diplomati |
| 610 | 2 | 0 | |a zastupiteľstvá obchodné |
| 610 | 2 | 0 | |a ministerstvá |
| 610 | 2 | 0 | |a informácie |
| 610 | 2 | 0 | |a technológie informačné |
| 610 | 2 | 0 | |a technológie komunikačné |
| 610 | 2 | 0 | |a globalizácia |
| 610 | 2 | 0 | |a vojenstvo |
| 610 | 2 | 0 | |a Slovensko |
| 610 | 2 | 0 | |a Európa |
| 100 | 1 | |a Čizmadiová, Kristína | |